| 000 | 00692 a2200217 4500 | ||
|---|---|---|---|
| 001 | 24302 | ||
| 111 |
_918591 _aUlusal Matematik Sempozyumu _n(17th : _d2004 : _cBolu, Turkey) |
||
| 999 |
_c24302 _d10830 |
||
| 003 | TR-AnTOB | ||
| 005 | 20190412175948.0 | ||
| 008 | 041102s2003 tu tur | ||
| 020 | _a9753210140 | ||
| 041 | _atur | ||
| 050 |
_aQA1 _b.U48 2004 |
||
| 090 | _aQA1 .U48 2004 | ||
| 245 | 0 |
_axvii. ulusal matematik sempozyumu / _c[Destekleyen Kuruluşlar],Aban İzzet Baysal üniversitesi,Türk matematik derneği,TÜBİTAK. |
|
| 264 | 1 |
_aBolu : _bAbant İzzet Baysal Üniversitesi, _c2004. |
|
| 300 |
_a221 s. ; _c27 cm. |
||
| 650 |
_aMatematik _vPopüler çalışmalar _947710 |
||
| 902 | _a0011440 | ||
| 942 | _cBK | ||